Producto final de investigación: artículo titulado. Presupuestos metodológicos de la comprensión hermenéutica: una perspectiva psicoanalítica y socio-histórica
Guardat en:
| Autor principal: | |
|---|---|
| Format: | Text |
| Publicat: |
San José:
UCR. FCS. IIS
|
| Matèries: | |
| Etiquetes: |
Afegir etiqueta
Sense etiquetes, Sigues el primer a etiquetar aquest registre!
|
MARC
| LEADER | 00000 a a2200000 04500 | ||
|---|---|---|---|
| 001 | 28842 | ||
| 003 | |||
| 040 | |||
| 090 | |a 189900 | ||
| 100 | |a Hidalgo Xirinachs, Roxana | ||
| 245 | |a Producto final de investigación: artículo titulado. Presupuestos metodológicos de la comprensión hermenéutica: una perspectiva psicoanalítica y socio-histórica | ||
| 260 | |a San José: |b UCR. FCS. IIS | ||
| 300 | |a 27 p | ||
| 650 | |a PSICOANALISIS | ||
| 650 | |a LITERATURA | ||
| 650 | |a METODOS DE INVESTIGACION | ||
| 999 | |c 13573 |d 13573 | ||
